000 01036nam a2200301 i 4500
003 EG-GICUC
005 20260121101731.0
008 260117s1971 ua ||||fr ||| 00| 0 ara d
017 _a1621/1972
040 _aEG-GICUC
_cEG-GICUC
_dEG-GICUC
_erda
_bara
082 0 4 _221
_a341.7
_bح ا . ت
092 0 4 _221
099 _aLaw1 11 341.6 1971 ح ا . ت
100 0 _aربيع،حامد
245 1 2 _aالتعاون العربي و السياسة البترولية /
_cحامد ربيع .
246 _aArab Cooperation And Oil Policy
264 0 _aمصر :
_bمكتبة القاهرة الحديثة ,
_c1971 .
300 _a337 صفحة ؛
_c30 سم.
336 _atext
_2rda content
337 _aComputer
_2rda media
338 _aOnline Resource
_2rda carrier
546 _aالنص باللغة العربية
650 0 4 _aالقانون الدولي العام
650 0 4 _aالتعاون الدولي
856 _uhttps://fll.law.cu.edu.eg/fulltext/th/B11-05521.pdf
905 _a59
942 _2ddc
_cBK
_e21
_n0
999 _c57331
_d57331